| 000 | 01072nam a2200265 a 4500 | ||
|---|---|---|---|
| 001 | BRL_1139 | ||
| 005 | 20190320211043.0 | ||
| 008 | 151113s1958----mx-#######---#000-0#spa-# | ||
| 041 | _aspa | ||
| 044 | _amx | ||
| 050 | 4 |
_aBV510.N3 _b.G37 1958 |
|
| 245 | 1 | 0 |
_aVeinte himnos sacros de los nahuas _cLos recogió de los nativos Fr. Bernardino de Sahagún, Franciscano ; Los publica en su texto, con su versión, introducción, notas de comentario y apéndices de otras fuentes, Ángel Ma. Garibay K. |
| 260 |
_aMéxico _bUNAM, Instituto de Historia : Seminario de Cultura Nahuatl _c1958 |
||
| 300 |
_a277 p. _c23 cm. |
||
| 440 | 0 |
_aFuentes Indigenas de la Cultura Nahuatl _pInformantes de Sahagún _v2 _925902 |
|
| 500 | _aAu1308 | ||
| 500 | _aIncluye índice de nombres | ||
| 500 | _aTexto en: náhuatl y español | ||
| 504 | _aBibliografía: p. 263-266 | ||
| 650 | 1 | 4 |
_aHimnos nahuas _925903 |
| 700 | 1 |
_aSahagún, Bernardino de _cFray _d1499-1590 _916326 |
|
| 700 | 1 |
_aGaribay K., Angel Mariìa _d1892-1967 _q(Garibay Kintana) _925904 |
|
| 902 | _aGRL | ||
| 942 |
_2lcc _cB |
||
| 999 |
_c9951 _d9951 |
||